| 000 | 00571nam a22001817a 4500 | ||
|---|---|---|---|
| 003 | CEME | ||
| 005 | 20210628203512.0 | ||
| 008 | 210420b xxu||||| |||| 00| 0 eng d | ||
| 020 | _a0-208-02167-1 | ||
| 040 | _c. | ||
| 082 | _a020.973 HAR'L | ||
| 100 |
_aHarig, Katherine J _965863 |
||
| 245 | _aLibraries the military and civilian life | ||
| 260 |
_aUSA _bLIBRARY PROFESSIONAL _c1989 |
||
| 300 | _a194P | ||
| 650 |
_aLIBRARIES AND ADULT EDUCATION UNITED STATES MILITARY LIBRARIES UNITED STATES 20TH CENTURY MILITARY LIBRARIAN UNTED STATES _965864 |
||
| 942 |
_cBK _2ddc |
||
| 999 |
_c573952 _d573952 |
||